000 00336nam a2200133Ia 4500
008 240624s9999 xx 000 0 und d
041 _aeng
082 _a362.1068 SCH
100 _aSCHNELLER EUGENE S
245 _aSTRATEGIC MANAGEMENT OF THE HEALTH CARE
260 _c2006
_aLondon
_bJossey-Bass
300 _a328 : p.
365 _c
_b27
999 _c17349
_d17349